000 00876cam a22003013a 4500
001 0000741
003 DO-SdBNP
005 20180117120237.0
007 0000741
008 861112 2006 sp a 000 0 spa d
010 _a
020 _a8426110444
040 _aBPMSU
_cspa
_dBPMSU
_d
100 1 _aBlyton, Enid
_d1897-1968
240 1 0 _aFive go to demon´s rock´s /
245 1 4 _aLos cinco en las rocas del Diablo /
_cEnid Blyton ; traducción Antonio de Quadras ; ilustraciones Enrique Ventura
250 _a18a. ed.
260 _aBarcelona, España :
_bJuventud,
_c2006.
300 _a156 p. :
_bil.
_c20 cm.
490 0 _aLos cinco
_v21
600 0 0 _a
_x
700 1 2 _aQuadras, Antonio de
_etrad.
700 1 2 _aVentura, Enrique
_eil.
830 0 _aLos cinco
_n21
942 _2ddc
_cBK
945 _aInventariado, 2018 / YL
956 _aYLOCKWARD
_b10
_cBPMSU
999 _c11648
_d11648